Hodnotenie podpory firiem počas pandémie COVID-19 diplomová práca

Salvato in:
Dettagli Bibliografici
Autore principale: Varsányi, Juraj
Ente Autore: Národohospodárska fakulta EU. Katedra verejnej správy a regionálneho rozvoja
Altri autori: Rafaj, Oliver, 1989-
Natura: Libro
Lingua:slovacco
Pubblicazione: Bratislava 2024
Tags: Aggiungi Tag
Nessun Tag, puoi essere il primo ad aggiungerne!!

MARC

LEADER 00000nbm a2200000 4500
001 0300771
005 20250310094436.9
041 0 |a slo 
044 |a SK 
245 1 0 |a Hodnotenie podpory firiem počas pandémie COVID-19  |b diplomová práca  |c Juraj Varsányi ; školiteľ: Oliver Rafaj 
264 1 |a Bratislava  |c 2024 
300 |a 42 s. 
100 1 |a Varsányi, Juraj 
700 1 |a Rafaj, Oliver, 1989- 
710 2 |a Národohospodárska fakulta EU. Katedra verejnej správy a regionálneho rozvoja